| 000 | 00505nam a22001577a 4500 | ||
|---|---|---|---|
| 003 | OSt | ||
| 008 | 260423b |||||||| |||| 00| 0 eng d | ||
| 082 |
_a634.44 _bS48E |
||
| 100 | _aSingh, Vinod Shankar | ||
| 245 | _aEffect of Coloured Alkathene Sheet and PGR on Air-Layering of Mango (Mangifera Indica L.) and Guava (Psidium Guajava L.) | ||
| 260 |
_aPusa, Samastipur _bRAU, Pusa & BAU, Sabour _c1988 |
||
| 300 | _a64P. | ||
| 502 |
_bMsc. _d1988 |
||
| 650 | _aFruit and Fruit Technology | ||
| 942 |
_2ddc _cT |
||
| 999 |
_c50147 _d50147 |
||